00681nam a2200193 i 450000100060000000300090000600500170001500700030003200800410003524500460007626000660012230000210018850000290020950501350023870000270037370000360040071000260043685200250046232869ES-MaACL20230906154642.0t|030131s1912 cr ||||1| spa d00aAnales del Ateneo de Costa Rica b: 1912. aSan José de Costa Rica : b[s.n., c1912] (fTip. Nacional) a42 p. ; c26 cm. aEs el nº 5 del año I.8 aContiene: "Lucha de razas" / Alejandro Bermúdez -- "El derecho y la fuerza" ; "La independencia" / Gerardo Zúñiga Montúfar1 aBermúdez, Alejandro.1 aZúñiga Montúfar, Gerardo.2 aAteneo de Costa Rica. aES-MaACLjT-1416-F-6